000 00255nam a2200121Ia 4500
008 190216s9999||||xx |||||||||||||| ||und||
100 _aCottan H
245 0 _aApplied Electricity
260 _bNcert
300 _a620p
650 _aPhysics
942 _cBK
999 _c32701
_d32701